[Event "Mittelfranken-chTB2a 1718"]
[Site "Mittelfranken"]
[Date "2018.05.06"]
[Round "9.5"]
[White "Dervishaj, Ramiz"]
[Black "Koschka, Guenther"]
[Result "1/2-1/2"]
[WhiteElo "1600"]
[BlackElo "1793"]
[PlyCount "137"]
[EventDate "2017.10.08"]
[EventType "team-tourn"]
[EventRounds "9"]
[EventCountry "GER"]
[SourceTitle "EXT 2022"]
[Source "ChessBase"]
[SourceDate "2021.10.06"]
[SourceVersion "1"]
[SourceVersionDate "2021.10.06"]
[SourceQuality "1"]
[WhiteTeam "Treuchtlingen/Wet SG"]
[BlackTeam "Fuerth SF"]
[WhiteTeamCountry "GER"]
[BlackTeamCountry "GER"]

1. d4 d5 2. e3 Nf6 3. Bd3 g6 4. Qe2 Bg7 5. Nc3 0-0 6. Nf3 b6 7. 0-0 Bb7 8. b3 Nbd7 9. Bb2 a6 10. Rad1 e6 11. e4 dxe4 12. Nxe4 Nxe4 13. Bxe4 Qc8 14. Ne5 Nf6 15. Bxb7 Qxb7 16. c4 Rad8 17. Rfe1 a5 18. h3 Nd7 19. Rd3 Rfe8 20. Ng4 h5 21. Ne5 Nxe5 22. dxe5 Bf8 23. Red1 Qc8 24. Qf3 Be7 25. Bc1 Rxd3 26. Rxd3 Rd8 27. Kf1 Rxd3 28. Qxd3 Qd8 29. Ke2 Qxd3+ 30. Kxd3 c5 31. Bd2 Kf8 32. Ke4 Ke8 33. g4 hxg4 34. hxg4 Kd7 35. f4 Ke8 36. f5 gxf5+ 37. gxf5 Kd7 38. Bh6 Ke8 39. Bg7 Bd8 40. Bf6 Bc7 41. Kf4 Kd7 42. Kg5 Ke8 43. fxe6 fxe6 44. Kg6 Kf8 45. Bh8 Ke7 46. Kg5 Kd7 47. Kf6 Bb8 48. Kf7 Bc7 49. Kf6 Bb8 50. Bg7 Bc7 51. Bf8 Bb8 52. a3 Bc7 53. Bg7 Bb8 54. Kg5 Bc7 55. Kf4 Kd8 56. Ke4 Kd7 57. Bh6 Bd8 58. Bd2 Be7 59. Bc3 Kc6 60. Kd3 Bf8 61. Bd2 Be7 62. Be1 Bg5 63. Ke4 Be7 64. Bd2 Kd7 65. Bh6 Kc6 66. Bg7 Bd8 67. Bh8 Bc7 68. Kf4 Kd7 69. Kg5 1/2-1/2

[Event "Mittelfranken-chTB2a 1718"]
[Site "Mittelfranken"]
[Date "2017.10.29"]
[Round "2.6"]
[White "Stoll, Tobias"]
[Black "Dervishaj, Ramiz"]
[Result "1/2-1/2"]
[WhiteElo "1615"]
[BlackElo "1600"]
[PlyCount "80"]
[EventDate "2017.10.08"]
[EventType "team-tourn"]
[EventRounds "9"]
[EventCountry "GER"]
[SourceTitle "EXT 2022"]
[Source "ChessBase"]
[SourceDate "2021.10.06"]
[SourceVersion "1"]
[SourceVersionDate "2021.10.06"]
[SourceQuality "1"]
[WhiteTeam "Cadolzburg"]
[BlackTeam "Treuchtlingen/Wet SG"]
[WhiteTeamCountry "GER"]
[BlackTeamCountry "GER"]

1. e4 e5 2. Bc4 Nf6 3. d3 d6 4. f4 exf4 5. Bxf4 Be7 6. Nf3 0-0 7. 0-0 Nc6 8. Nbd2 Bg4 9. c3 a6 10. a3 d5 11. Ba2 dxe4 12. Nxe4 Nd5 13. Bd2 Ne5 14. d4 Nxf3+ 15. gxf3 Bf5 16. Kh1 Nf6 17. Nxf6+ Bxf6 18. Bf4 c6 19. Qd2 Re8 20. Rae1 Qd7 21. Rg1 Rxe1 22. Rxe1 Re8 23. Rxe8+ Qxe8 24. Qe3 Qxe3 25. Bxe3 Kf8 26. d5 cxd5 27. Bxd5 Bc8 28. Kg2 Ke8 29. Bd4 Bxd4 30. cxd4 Kd7 31. Kf2 f6 32. Ke3 Kd6 33. Bb3 g5 34. Kf2 h5 35. Bf7 h4 36. Ke3 Be6 37. Bxe6 Kxe6 38. h3 Kd5 39. f4 b6 40. fxg5 fxg5 1/2-1/2